000 00943nam0a22002531 4500
001 rc\2776237
005 20250806204822.0
035 _a(NLR Aleph) 006902525
090 _a31269
_c31269
100 _a20110915d1941 u y0rusy50 ca
101 0 _arus
102 _aRU
105 _aa z |||||
200 1 _aНаставление по стрелковому делу (НСД-38)
_eРевольвер обр. 1895 г. и пистолет обр. 1930 г.
_fНар. ком. обороны СССР
210 _aМосква
_cВоениздат
_d1941
_eЛенинград
215 _a128 с.
_cил., черт.
_d17 см.
740 1 _aСССР
_tВоенные уставы и наставления
_3RU\NLR\AUTH\8810020873
801 0 _aRU
_bNLR
_gpsbo
801 1 _aRU
_bELAR
_2rusmarc
852 _aNLR
_jВ60 Г-1/9
942 _cBOOK
945 _aРоссийская национальная библиотека
980 _aNB
980 _aBV